000 01258cam a22002295a 4500
001 E150019
008 100524s2010 xxk f s000 0 eng d
020 _a9780755993512
035 _a(Sirsi) u150019
041 0 _aeng
050 0 4 _a306.1 $2 18
110 2 _aScotland
_bScottish Government
_95344
245 0 0 _aHousing
_bfresh thinking, new ideas
_h[electronic resource]
260 _aEdinburgh
_bScottish Government
_c2010
505 2 _aIntroduction -- Scottish housing need -- Increasing the supply of affordable housing -- Choice, fairness and making better use of housing -- Sustainable quality houses and places -- Excellence across the housing system
520 _aA discussion document which looks at the policies which will be required in order to meet challenges in the housing sector. Discusses housing need; investment in affordable housing; use of existing hosuing stock; quality of housing; and how stakeholders can address the challenges faced by the sector.
590 _aKA NTK
651 4 _aScotland
_y1999-
690 _aPROPERTY-RESIDENTIAL PROPERTY-DOMESTIC RESIDENTIAL PROPERTY-HOUSING
856 4 0 _uhttps://www.scotland.gov.uk/Publications/2010/05/21153206/0
_zView the item free of charge at www.scotland.gov.uk
942 _n0
999 _c110698
_d110698